000
00266nam a2200097Ia 4500
001
1164278
005
20250827011718.0
008
250824s9999 xx 000 0 und d
245
0
_a
HİÇBİR ŞEYDEN HER ŞEY MÜMKÜNDÜR
_c
MİNE ÖLMEZ
260
_b
DESTEK YAYINLARI
999
_c
1164278
_d
1164278